000 00588nam a22002057a 4500
003 OSt
005 20180116183021.0
008 151119b xxu||||| |||| 00| 0 eng d
020 _a0895120011
040 _c0
082 _a650.02 CAL 1985
100 _aPr. Ralph
110 _aThe staff of the Texas Instruments Learning Center
245 _aCalculating Better Decisions
260 _bTanes Instruments Learning
_c1985
300 _a150 aprox
_bpb
440 _aCalculating Better Decisions
610 _a The staff of the Texas Instruments Learning Center
942 _2ddc
_cBK
999 _c350583
_d350583